000 00579nam a22001937a 4500
003 dpl
005 20180710141517.0
008 180710b xxu||||| |||| 00| 0 eng d
020 _a8178814153
_c300.00
035 _aB-181762
040 _aDPL
_bEN
_c0
082 _a658.408
_bMAN
245 _aManaging workplace conflicts
_c/edited by V.Subbulakshmi
260 _aHyderabad
_bICFAI Books
_c2005
270 _a52, Nagarjuna Hills, Punjagutta
_bHyderabad
_e500082
300 _avii, 151p.
_c23cm.
700 _aV.Subbulakshmi
942 _2ddc
_cEN
_h658.408
_mMAN
999 _c153755
_d153755